000 00524nam a2200169 4500
001 131973
003 ES-MaACL
005 20250927063037.0
007 t|
008 070214s1952 sp r ||||1| spa d
100 0 _aRoig Montserrat, Juan
_999004
245 1 0 _aPerros de rastro y de parada
_b: (antología del perro español) /
_cJuan Roig.
260 _aBarcelona :
_bSerrahima y Urpi,
_c1952.
300 _a231 p., 12 lám. :
_bil. ;
_c21 cm.
852 _aES-MaACL
_jD-6036
_bR.32440
999 _c131973
_d131973